000
00318nam a2200133Ia 4500
100
_a
AICTE
942
_c
BK
654
_a
tools
245
_a
Cutting tools / metal Cutting C-NO :369
260
_b
Continuing Education Programmer AICTE
_a
Bangalore
082
_a
671.53
_b
AICTE
300
_a
68
546
_a
ENGLISH
999
_c
23175
_d
23175